सतपुड़ा के आँसू / (Record no. 115314)

MARC details
000 -LEADER
fixed length control field 01143nam a22002777a 4500
003 - CONTROL NUMBER IDENTIFIER
control field dpl
005 - DATE AND TIME OF LATEST TRANSACTION
control field 20180703153821.0
008 - FIXED-LENGTH DATA ELEMENTS--GENERAL INFORMATION
fixed length control field 180703b xxu||||| |||| 00| 0 eng d
010 ## - LIBRARY OF CONGRESS CONTROL NUMBER
LC control number A-829402
020 ## - INTERNATIONAL STANDARD BOOK NUMBER
Terms of availability 160.00
International Standard Book Number 8170542284
035 ## - SYSTEM CONTROL NUMBER
System control number A-829402, A-829406
037 ## - SOURCE OF ACQUISITION
Source of stock number/acquisition Cen Lib/Ret
040 ## - CATALOGING SOURCE
Original cataloging agency DPL
Language of cataloging HN
Transcribing agency 0
082 ## - DEWEY DECIMAL CLASSIFICATION NUMBER
Classification number
Item number निकुंज
100 ## - MAIN ENTRY--PERSONAL NAME
Personal name निकुंज
9 (RLIN) 500
245 ## - TITLE STATEMENT
Title सतपुड़ा के आँसू /
Statement of responsibility, etc निकुंज
246 ## - VARYING FORM OF TITLE
Title proper/short title Satpuda ke aansu /
Remainder of title by Nikunj
260 ## - PUBLICATION, DISTRIBUTION, ETC. (IMPRINT)
Place of publication, distribution, etc मध्य प्रदेश
Name of publisher, distributor, etc निकुंज प्रकाशन एवं पुस्तक भण्डार
Date of publication, distribution, etc 1997
270 ## - ADDRESS
Address 23, साईनाथ कालोनी, बड़वानी, प.निमाड
City मध्य प्रदेश
Postal code 451551
300 ## - PHYSICAL DESCRIPTION
Extent 156पृ.
Dimensions 21सेमी (सजिल्द)
650 ## - SUBJECT ADDED ENTRY--TOPICAL TERM
Topical term or geographic name as entry element हिन्दी -- साहित्य
9 (RLIN) 60871
650 ## - SUBJECT ADDED ENTRY--TOPICAL TERM
Topical term or geographic name as entry element हिन्दी -- उपन्यास
9 (RLIN) 60872
650 ## - SUBJECT ADDED ENTRY--TOPICAL TERM
Topical term or geographic name as entry element Hindi -- Literature
9 (RLIN) 60873
650 ## - SUBJECT ADDED ENTRY--TOPICAL TERM
Topical term or geographic name as entry element Hindi -- Fiction
9 (RLIN) 27248
942 ## - ADDED ENTRY ELEMENTS (KOHA)
Source of classification or shelving scheme Dewey Decimal Classification
Koha item type Hindi Books
Classification part
Call number suffix निकुंज
Holdings
Withdrawn status Lost status Damaged status Not for loan Home library Current library Date acquired Source of acquisition Cost, normal purchase price Total Checkouts Full call number Barcode Date last seen Copy number Cost, replacement price Price effective from Koha item type Source of classification or shelving scheme Collection code
        Central Library Central Library 20/08/2015 Cen Lib/Ret 160.00   उ निकुंज A-829402 20/08/2015 1 160.00 20/08/2015 Hindi Books    
        Shahdara Branch Shahdara Branch 03/07/2018 BPPD/PUB 160.00   उ निकुंज A-829406 03/07/2018   160.00 03/07/2018 Hindi Books Dewey Decimal Classification Fiction

© Delhi Public Library
Hit Counter
free hit counter